00510 a2200157 4500010001400000020002300014035001300037037001600050082001200066245004300078260005700121270010500178300003300283500002100316700001500337 aENG-89964 c400.00a8175201037 aEN-73497 bDBAD / PUB14a620.0071 aHandbook on engineering education 2008 aNew DelhibAssociation of Indian Universitiesc2008 aAIU House, 16, Comrade Indrajit Gupta Marg (Kotla Marg),bNew DelhicDelhie110002maiu@bolo.net.in axxxviii, 528p.c22 cm (pbk) aIncludes index aDeb, Anish